000
00322nam a2200133Ia 4500
008
240624s9999 xx 000 0 und d
041
_a
eng
082
_a
332.4 SHA
100
_a
SHAMAH SHANI
245
_a
CURRENCY OPTIONS PRIMER
260
_c
2004
_a
England
_b
John Wiley and
300
_a
x,197p. ; 25cm.
365
_c
_b
27
999
_c
20691
_d
20691